000 00702nam a22002057a 4500
005 20100805104943.0
010 _aENG-98297
020 _a9788172734657
_c525.00
035 _aEN-81830
037 _bDBAD/PUB
082 _a370
100 _aSinha,Tushar K
_98174
245 _aAlternative education /
_cby Tushar K Sinha
260 _aNew Delhi
_bAuthorspress
_c2008
270 _aE-35/103, Jawahar park Laxmi Nagar
_bNew Delhi
_e110092
300 _ax,215p
_c21cm(Hb)
500 _aincludes bibliographical references and index
942 _2ddc
_cEN
_h370
_mSIN
999 _c39347
_d39347